| 000 | 00000nam##2200000za#4500 |
| 001 | 9.699445 |
| 003 | CaOODSP |
| 005 | 20220901140053 |
| 007 | cr ||||||||||| |
| 008 | 150407|2009||||xxc|||||o f|0| 0 eng|d |
| 040 | |aCaOODSP|beng |
| 043 | |an-cn--- |
| 086 | 1 |aJ2-398/2009E-PDF |
| 110 | 1 |aCanada.|bJustice Canada. |
| 245 | 10|aRetroactive child support : |h[electronic resource]|bbenefits and burdens / |cprepared by Shelley Kierstead. |
| 260 | |aOttawa - Ontario : |bJustice Canada |cMarch 2009. |
| 300 | |a18p.|breferences |
| 590 | |a14-13-Supp|b2014-06-23 |
| 690 | 07|aChild support|2gcpds |
| 690 | 07|aFamily law|2gcpds |
| 775 | 08|tLa pension alimentaire rétroactive au profit des enfants : |w(CaOODSP)9.643421 |
| 856 | 40|ahttp://publications.gc.ca|qPDF|s210 KB|uhttps://publications.gc.ca/collections/collection_2014/jus/J2-398-2009-eng.pdf |